000 00517nam a2200169 a 4500
001 000042829
005 20201002040428.0
008 140210s1975 sp 000 0 spa d
020 _a8472450678
040 _aDO-SdBNP
_bspa
_cBNPHU
082 _axxx
_bC172c
100 1 _aCámara, Sixto
_970196
245 1 3 _aLa Capilla Sixtina /
_cSixto Cámara ; prólogo de Manuel Vázquez Montalbán.
260 _aBarcelona :
_bKairó,
_c1975.
300 _a342 p. ;
_c20 cm.
700 1 2 _aVázquez Montalbán, Manuel
_eprol.
_945507
999 _c42318
_d42318